00576nam a22001337a 4500008004100000020001500041050002200056245021800078260004600296300002400342440002300366700003000389700002300419140901b xxu||||| |||| 00| 0 eng d a0406092184 aKD275.4.L39(1940) aThe Law Reports of the Incorporated Council of Law Reporting, Appeal Cases(1940): House of Lords, Judicial Committee of the Privy Council and Peerage Cases. /cedited by R.E.L. Vaughan-Williams and G.F.L. Bridgman aLondon:bButterworth and Co. Ltd.,c1940. axiv, 1073p.:c24cm. pAppeal Cases,1940. aVaughan-Williams, R.E.L.  a Bridgman, G.F.L.